000 00839nam a22002777a 4500
003 CHAP
005 20220329135347.0
008 971013s1960 r 00010 d
010 _a35035
011 _a36007
035 _a40126
040 _cCHAP
090 _aFolleto 4230
110 _aMéxico. Leyes, decretos, etc.
_977071
245 _aLey forestal de México
260 _aMéxico, D.F. :
_bSubsecretaría de Recursos Forestales y de Caza,
_c1960
300 _a30 p
590 _aBATCH-UPD
_b10
_c20130110
_lUCH01
_h0900
590 _aBATCH-UPD
_b10
_c20130410
_lUCH01
_h0529
590 _aBATCH-UPD
_b10
_c20130914
_lUCH01
_h0711
590 _aCONVERSION
_b10
_c20130109
_lUCH01
_h1320
650 1 4 _aBosques
_xLeyes
_zMéxico.
_914332
901 _aBK
942 _cFOLL
949 _aFolleto 4230
_bBC
_cFOLL
_d-91692
_eTS1
_i40126
_mD
_si
999 _c35035
_d35035